Personal income for Missouri counties, 1950-1965

Guardat en:
Dades bibliogràfiques
Autor corporatiu: University of Missouri. School of Business and Public Administration. Research Center
Altres autors: Junk, Paul E.
Format: Llibre
Idioma:English
Publicat: Columbia, 1968.
Matèries:
LEADER 00940nam a22002411 4500
001 c000033926
003 CARM
005 00000000000000.0
008 690224s1968 moua bs 00000 eng
019 1 |a 14823  |5 LACONCORD2021 
035 |a (OCoLC)175706  |5 LACONCORD2021 
050 0 0 |a HC107.M83  |b I52 
110 2 0 |a University of Missouri.  |b School of Business and Public Administration.  |b Research Center. 
245 1 0 |a Personal income for Missouri counties, 1950-1965  |c [by] Paul E. Junk [and others] 
260 |a Columbia,  |c 1968. 
300 |a 277 p.  |b illus.  |c 25 cm. 
504 |a Bibliographical footnotes. 
650 0 |a Income  |z Missouri  |x Statistics. 
700 1 |a Junk, Paul E. 
852 8 |b CARM  |h A2:AF10E0  |i C01367  |p 0076248  |f BK 
082 0 4 |a 339.41/09778 
999 f f |i 2169327d-7951-5cb9-8b1d-7dd3fc49115a  |s cd0c4d10-0914-5069-8a17-ec3616238836 
952 f f |p Can circulate  |a CAVAL  |b CAVAL  |c CAVAL  |d CARM 1 Store  |e C01367  |f A2:AF10E0  |h Other scheme  |i book  |m 0076248